| 000 | 00330nam a22001337a 4500 | ||
|---|---|---|---|
| 020 | _a0198284136 | ||
| 082 |
_a382.7 _bCOR |
||
| 100 | _aCorden, W. M. | ||
| 245 |
_aThe Theory of Protection / _cW. M. Corden |
||
| 260 |
_aOxford: _bOxford University Press, _c1979. |
||
| 300 | _a263 p. | ||
| 563 | _aPB. | ||
| 942 |
_2ddc _cBK |
||
| 999 |
_c614394 _d614394 |
||